Organisations politiques en France - 2026 - Statistiques

Statistiques générales
  • Ce quiz a été pris 103 fois
  • Le résultat moyen est 12 sur 20
Statistiques - réponses
Nuance politique Dirigeant·e/Fondateur·ice Réponse % Correct
Centre-Gauche Olivier Faure Parti Socialiste / PS
98%
Gauche Manuel Bompard La France Insoumise / LFI
92%
Extrême-Droite Jordan Bardella Rassemblement National / RN / FN
92%
Droite radicale à Extrême-Droite Bruno Retailleau Les Républicains / LR
87%
Extrême-Droite Éric Zemmour Reconquête
86%
Gauche Fabien Roussel Parti Communiste Français / PCF
84%
Centre-Gauche à Gauche Marine Tondelier Les Écologistes / EELV
82%
Droite Gabriel Attal Renaissance
79%
Droite François Bayrou MODEM
78%
Droite Édouard Philippe Horizons
72%
Extrême-Droite Éric Ciotti Union des Droites pour la République / UDR
71%
Centre Raphaël Glucksmann Place Publique / PP
66%
Extrême-Droite, Identitaire Alice Cordier Nemesis
62%
Gauche Radicale, Antifascisme Raphaël Arnault Jeune Garde
50%
Gauche à Centre-Gauche François Ruffin Debout!
31%
Extrême-Droite, Monarchiste Olivier Giot Action Française / AF
28%
Gauche à Centre-Gauche Alexis Corbière L'APRÉS
28%
Gauche Radicale Olivier Besancenot NPA-L'Anticapitaliste
3%
Extrême-Gauche ? Union Communiste Libertaire / UCL
0%
Gauche Radicale, Socialisme, Antifascisme ? Young Struggle
0%
Aucun quiz correspondant
Distribution des résultats
% des personnes avec chaque résultat
Percentile par nombre de réponses
Votre historique - résultats
Vous n’avez pas pris ce quiz